| 000 | 00989nam a22002057a 4500 | ||
|---|---|---|---|
| 005 | 20170123164140.0 | ||
| 010 | _aB-210095 | ||
| 020 |
_a8178561328 _c150.00 |
||
| 035 | _aB-210095 | ||
| 040 |
_aDPL _bPN |
||
| 082 |
_a260.2 _bਬ੍ਹਹਮ |
||
| 100 |
_aਬ੍ਹਹਮਜਗਦੀਸ਼ ਸਿੰਘ _93849 |
||
| 245 |
_aਭਾਈ ਗੁਰਦਾਸ ਦੀ ਪਹਿਲੀ ਵਾਰ : _bਵਿਆਖਿਆ, ਵਿਸ਼ਲੇਸ਼ਣ ਤੇ ਪਾਠ / _cਬ੍ਹਹਮਜਗਦੀਸ਼ ਸਿੰਘ |
||
| 260 |
_aਅਮਿ੍ਤਸਰ _bਵਾਰਿਸ ਸ਼ਾਹ ਫਾਉਂਂਡੇਸ਼ਨ |
||
| 270 |
_a42- ਗੁਰੂ ਤੇਗ ਬਹਾਦੁਰ ਨਗਰ, _bਅਮਿ੍ਤਸਰ _e143002 |
||
| 300 |
_a128p. _b23cm(Hb) |
||
| 650 |
_aਪੰਜਾਬੀ ਸਾਹਿਤ _vਪੰਜਾਬੀ ਸਾਹਿਤ-ਜੀਵਨੀ _93695 |
||
| 700 |
_a ਰਾਜਬੀਰ ਕੌਰ _93694 |
||
| 942 |
_2ddc _cPN _h260.2 _mਬ੍ਹਹਮ |
||
| 999 |
_c109632 _d109632 |
||